000 00454cam a22001217a 4500
008 180718b-- xxu||||| |||| 00| 0 eng d
082 _aL906x5434 G
245 _aAccounts at a glance, Rajasthan
260 _aJaipur
_bAccountant General (Accounts and Entitlements)
_c--
500 _aLibrary has 1998/99-1999-2000, 2001/02-2004/05
650 _aRajasthan - Appropriations and expenditures
700 _aRajasthan. Accountant General (Accounts and Entitlement)
999 _c491987
_d491987